Sports en image par lettre - T - Statistiques

Statistiques générales
  • Ce quiz a été pris 174 fois
  • Le résultat moyen est 8 sur 16
Statistiques - réponses
Par images Réponse % Correct
Tennis
100%
Tir
92%
Tennis de table
90%
Tir à l'arc
88%
Tango
77%
Trottinette
76%
Trampoline
74%
Taekwondo
58%
Trapèze
58%
Tai chi
29%
Twirling bâton
22%
Tchoukball
6%
Tumbling
5%
Teqball
4%
Tambourin
2%
Trollball
1%
Aucun quiz correspondant
Distribution des résultats
% des personnes avec chaque résultat
Percentile par nombre de réponses
Votre historique - résultats
Vous n’avez pas pris ce quiz